00421 a2200169 4500001000700000020000600007040001100013100001600024240002600040245002100066362000900087440001200096697001500108942000700123952010200130999001900232164570 a  cMagnum aRey, Marcos10aGincana da mortelpor10aGincana da morte0 a1899 1aÁtica aJ/SUSPENSE cBK 00104070a32.5b32.5d2024-06-08l0oLI.04242pMAG00008695r2024-06-08 20:37:19w2024-06-08yBK c164570d164570